John Adams /
Obra que presenta una biografía de la vida adulta del segundo presidente de Estados Unidos durante el período 1797-1801, John Adams (1735-1826), desde sus primeros encargos políticos, hasta su participación en la lucha por la emancipación de la Unión Americana, su posterior gestión como jefe de Esta...
Guardado en:
| Autor principal: | |
|---|---|
| Otros autores: | , |
| Formato: | Audio |
| Idioma: | Inglés |
| Publicado: |
Nueva York, EUA :
Simon and Schuster,
2001, c2001
|
| Temas: | |
| Etiquetas: |
Sin etiquetas, Sé el primero en etiquetar este registro!
|
MARC
| LEADER | 00000nim^a2200000^a^4500 | ||
|---|---|---|---|
| 001 | 000339817 | ||
| 005 | 20250521000000.0 | ||
| 009 | 20260310114435.927 | ||
| 020 | |a 0-7435-0474-7 | ||
| 037 | |a Acervo ITESO - Biblioteca | ||
| 041 | |a ING | ||
| 041 | |a SON | ||
| 082 | |a 973. 044 |b MCC | ||
| 100 | |a McCullough, David |e (autor) | ||
| 240 | 1 | 1 | |a [John Adams] |
| 240 | 1 | 1 | |a [John Adams. Adaptaciones] |
| 245 | 1 | 0 | |a John Adams / |c D. McCullough ; prod. y realización de K. Frillmann ; voz. de E. Herrmann ; versión de Jesse Boggs. |
| 264 | 4 | |a Nueva York, EUA : |b Simon and Schuster, |c 2001, c2001 | |
| 300 | |a 9 discos compactos sonoros (sin dato de duración) (CDs disponibles) | ||
| 300 | |a 1 audiolibro | ||
| 336 | |a palabra hablada |b spw |2 rdacontenido | ||
| 337 | |a audio |b s |2 rdamedio | ||
| 338 | |a disco sonoro |b sd |2 rdasoporte | ||
| 520 | |a Obra que presenta una biografía de la vida adulta del segundo presidente de Estados Unidos durante el período 1797-1801, John Adams (1735-1826), desde sus primeros encargos políticos, hasta su participación en la lucha por la emancipación de la Unión Americana, su posterior gestión como jefe de Estado y, finalmente, sus últimos años de vida y su muerte. | ||
| 649 | |a XX | ||
| 650 | |a Jefes de Estado Norteamericanos - |x Biografías | ||
| 650 | |a Políticos Norteamericanos - |x Biografías | ||
| 650 | |a EUA - |x Historia - |y Confederación, 1783-1789 | ||
| 650 | |a EUA - |x Historia - |y Período Constitucional, 1789-1809 - |x Tema Principal | ||
| 650 | |a EUA - |x Historia - |y Revolución, 1775-1783 | ||
| 650 | |a EUA - |x Historia - |y Siglo XVIII | ||
| 650 | |a EUA - |x Historia - |y Siglo XIX | ||
| 650 | |a Adams, John - |x Tema Principal | ||
| 700 | |a Frillmann, Karen |e (producción y realización) | ||
| 700 | |a Herrmann, Edward |e (voz) | ||
| 910 | |a Fondo General | ||
| 920 | |a Sonoros - CDs | ||
| 905 | |a 403 | ||
| 901 | |a 0500230352 |b IT2 |c CDS |i D58962 |u 20250521 | ||
| 901 | |a 0500230353 |b IT2 |c CDS |i D58963 |u 20250521 | ||
| 901 | |a 0500230355 |b IT2 |c CDS |i D58964 |u 20250521 | ||
| 901 | |a 0500230357 |b IT2 |c CDS |i D58965 |u 20250521 | ||
| 901 | |a 0500230356 |b IT2 |c CDS |i D58966 |u 20250521 | ||
| 901 | |a 0500230360 |b IT2 |c CDS |i D58967 |u 20250521 | ||
| 901 | |a 0500230359 |b IT2 |c CDS |i D58968 |u 20250521 | ||
| 901 | |a 0500230358 |b IT2 |c CDS |i D58969 |u 20250521 | ||
| 901 | |a 0500230361 |b IT2 |c CDS |i D58970 |u 20250521 | ||
| 902 | |a https://opac.biblio.iteso.mx/vufind/Record/000339817 | ||